Normal view
MARC view
- Brian Lane
Entry Personal Name
001 - CONTROL NUMBER
- control field: 25638
003 - CONTROL NUMBER IDENTIFIER
- control field: NUST
005 - DATE AND TIME OF LATEST TRANSACTION
- control field: 20191114153433.0
008 - FIXED-LENGTH DATA ELEMENTS
- fixed length control field: 191114|| aca||aabn | a|a d
040 ## - CATALOGING SOURCE
- Original cataloging agency: NUST
- Transcribing agency: NUST
100 ## - HEADING--PERSONAL NAME
- Personal name: Brian Lane
670 ## - SOURCE DATA FOUND
- Source citation: Work cat.: (NUST): Brian Lane, Eyewitness Books: Crime and Detection, Alfred A. Knopf
